| 000 | 00966cam a22003015a 4500 | ||
|---|---|---|---|
| 005 | 20150817154212.0 | ||
| 006 | a||||fr||z| 00| 0 | ||
| 008 | 120111t2003 ohua|||frb||| 011 0 eng d | ||
| 010 | _a 2002071954 | ||
| 020 | _a0030354579 (alk. paper) | ||
| 020 | _a9780030354571 | ||
| 040 |
_aEG-ScBUE _beng _cEG-ScBUE |
||
| 082 | 0 | 0 |
_a330 _bBAU _222 |
| 100 | 1 |
_aBaumol, William J. _928304 |
|
| 245 | 1 | 0 |
_aEconomics : _bprinciples and policy / _cWilliam J. Baumol, Alan S. Blinder. |
| 250 | _a9th ed. | ||
| 260 |
_aMason : _bThomson/South-Western, _cc.2003. |
||
| 300 |
_axxxviii, 772 p. : _bcol. ill. ; _c28 cm. + _e1 CD-ROM (4 3/4 in.) |
||
| 500 | _aIndex : p. 757-772. | ||
| 500 | _aGlossary : p. 745-755. | ||
| 504 | _aIncludes bibliographical references. | ||
| 590 | _adoaa mohamed | ||
| 650 | 0 |
_aEconomics. _928305 _2BUEsh |
|
| 651 | _2BUEsh | ||
| 653 |
_bBUSECO _cAugust2015 |
||
| 700 | 1 |
_aBlinder, Alan S. _928306 |
|
| 942 |
_cBB _k330B3488 _2ddc |
||
| 999 |
_c4670 _d4670 |
||